000 01222nam0a2200313 4500
001 RU\NLR\bibl\1154054
005 20260405071641.0
010 _a978-5-468-00151-6
_91000
021 _aRU
_b2007-70103
_93766
035 _a(NLR Aleph) 001140837
090 _a1416661
_c1416661
100 _a20071114d2008 |||y0rusy50 ca
101 0 _arus
102 _aRU
105 _ay |||||||||
200 1 _aЗаконные интересы
_fВ.В Субочев
_gпод ред. д.ю.н., проф. А.В. Малько
_gРос. акад. наук, Сарат. фил. Ин-та государства и права РАН
210 _aМосква
_cНорма
_d2008
215 _a495 с.
_d21
300 _aНа обороте тит. л. авт.: Субочев В.В. - к.ю.н.
320 _aБиблиогр. в подстроч. примеч.
606 1 _aЗаконные интересы
_92480465
_3RU\NLR\auth\661472533
686 _aХ062.07
700 1 _4070
_8rus
_7ca
_aСубочев
_bВ.В.
_f1979-
_gВиталий Викторович
_3RU\NLR\auth\7724546
_97597
801 0 _aRU
_bNLR
_c20071114
_gRCR
801 1 _aRU
_bNLR
_c20071114
942 _cBOOK
980 _aNB